| 000 | 00516nam a2200181Ia 4500 | ||
|---|---|---|---|
| 005 | 20230516124606.0 | ||
| 008 | 131103s9999 xx 000 0 und d | ||
| 040 | _aLoreto College | ||
| 041 | _aEnglish | ||
| 082 |
_a882.08 _bAES |
||
| 245 |
_aEleven plays of Greek dramatist _cintroduction by Arthur Zeiger |
||
| 260 |
_aNew York _bThe Universal Library _c1946 |
||
| 300 | _axvi,360 p. | ||
| 504 | _aAeschylus. Sophocles. Euripides and Aristophanes | ||
| 700 | _aZeiger,Arther | ||
| 850 | _aLCLIB | ||
| 942 | _cBK | ||
| 999 |
_c5902 _d56381 |
||